Statistics for Countries that border Russia.

Click here to take the quiz!

General Stats

  • This quiz has been taken 16 times
  • The average score is 13 of 14

Answer Stats

length of border (km)Country% Correct
4209.3China
100%
7512.8Kazakhstan
100%
1925.8Ukraine
100%
1239Belarus
94%
3485Mongolia
94%
204.2Poland
94%
294.7Estonia
88%
1271.8Finland
88%
875.5Georgia
88%
270.5Latvia
88%
266Lithuania
88%
17North Korea
88%
195.7Norway
81%
372.6Azerbaijan
69%

Score Distribution

Percentile by Number Answered

Percent of People with Each Score

Your Score History

You have not taken this quiz